| 000 | 00514nam a2200193Ia 4500 | ||
|---|---|---|---|
| 005 | 20240823060853.0 | ||
| 008 | 240823s9999||||xx |||||||||||||| ||und|| | ||
| 041 | _aENGLISH | ||
| 082 | _A621.3192 Q3 | ||
| 100 | _aSudhakar A | ||
| 245 | 0 | _aCircuits and Networks : Analysis Design and Synthesis | |
| 250 | _a4th | ||
| 260 |
_c2013 _bMcGraw Hill Education Private Li |
||
| 500 | _aTRANSFERED | ||
| 650 |
_aCircuits and Networks _bElectrical |
||
| 700 | _aShyammohan S Palli | ||
| 942 | _cBK | ||
| 999 |
_c232169 _d232169 |
||